| 000 | 00492nam a2200157 a 4500 | ||
|---|---|---|---|
| 001 | 000048801 | ||
| 005 | 20201002061422.0 | ||
| 008 | 190412s2016 dr a r 000 spa d | ||
| 020 | _a9789945899030 | ||
| 040 |
_aDO-SdBNP _bspa _cBNPHU |
||
| 082 |
_axxx _bF979 |
||
| 245 | 0 | _aFundamentos y guía para la elaboración de pruebas prácticas de técnicos/maestros técnicos. | |
| 260 |
_aSanto Domingo : _bInfotep, _c2016. |
||
| 300 |
_a78 p. : _bil. ; _c29 cm. |
||
| 590 | _aInventariado, 2019 / DG | ||
| 999 |
_c48289 _d48289 |
||